| 000 | 00607nam a2200157Ia 4500 | ||
|---|---|---|---|
| 008 | 260210s9999 xx 000 0 und d | ||
| 024 | _a19B-126-CS, 19B-011-CS, 19B-029-CS, 19B-052-CS, & 18B-018-SE | ||
| 082 | _a004.8072 AHM | ||
| 100 | _aAreeb Ahmer, Abdul Rafay, Ushna Naz, Aliza Shakeel, & M Mudassir Zia | ||
| 110 | _aMiss Marvi Jokhio | ||
| 245 | 0 | _aPET-A-PET | |
| 260 |
_aKarachi: _bUITU, _c2019 |
||
| 600 | _aComputer Science | ||
| 650 | _aBachelor of Computer Science (BS) | ||
| 856 |
_uhttps://drive.google.com/file/d/1CHzAOkRdfwqZDYFf4_DBIfAdHfGSdF2L/view?usp=sharing _yClick here for PDF |
||
| 999 |
_c32516 _d32516 |
||